Nutrition in promoting the public's health : (Record no. 17313)

000 -LEADER
fixed length control field 01493cam a22004094a 4500
001 - CONTROL NUMBER
control field 14267816
003 - CONTROL NUMBER IDENTIFIER
control field ASAB
005 - DATE AND TIME OF LATEST TRANSACTION
control field 20170419104720.0
008 - FIXED-LENGTH DATA ELEMENTS--GENERAL INFORMATION
fixed length control field 060214s2007 mauab b 001 0 eng
010 ## - LIBRARY OF CONGRESS CONTROL NUMBER
LC control number 2006005283
015 ## - NATIONAL BIBLIOGRAPHY NUMBER
Source bnb
National bibliography number GBA631775
016 7# - NATIONAL BIBLIOGRAPHIC AGENCY CONTROL NUMBER
Record control number 101269146
Source DNLM
016 7# - NATIONAL BIBLIOGRAPHIC AGENCY CONTROL NUMBER
Record control number 013426322
Source Uk
020 ## - INTERNATIONAL STANDARD BOOK NUMBER
International Standard Book Number 0763728403
020 ## - INTERNATIONAL STANDARD BOOK NUMBER
International Standard Book Number 9780763728403
035 ## - SYSTEM CONTROL NUMBER
System control number (OCoLC)ocm64067623
040 ## - CATALOGING SOURCE
Original cataloging agency DNLM/DLC
Transcribing agency ASAB
Modifying agency NLM
-- BAKER
-- UKM
-- C#P
-- DLC
042 ## - AUTHENTICATION CODE
Authentication code pcc
043 ## - GEOGRAPHIC AREA CODE
Geographic area code n-us---
050 00 - LIBRARY OF CONGRESS CALL NUMBER
Classification number RA784
Item number .K328 2007
060 10 - NATIONAL LIBRARY OF MEDICINE CALL NUMBER
Classification number QU 145
Item number K215n 2007
082 00 - DEWEY DECIMAL CLASSIFICATION NUMBER
Classification number 362.1
Edition number 22
100 1# - MAIN ENTRY--PERSONAL NAME
Personal name Kaufman, Mildred.
9 (RLIN) 1067
245 10 - TITLE STATEMENT
Title Nutrition in promoting the public's health :
Remainder of title strategies, principles, and practices /
Statement of responsibility, etc. Mildred Kaufman.
260 ## - PUBLICATION, DISTRIBUTION, ETC.
Place of publication, distribution, etc. Sudbury, Mass. :
Name of publisher, distributor, etc. Jones and Bartlett Publishers,
Date of publication, distribution, etc. c2007.
300 ## - PHYSICAL DESCRIPTION
Extent xix, 617 p. :
Other physical details ill., map ;
Dimensions 24 cm.
504 ## - BIBLIOGRAPHY, ETC. NOTE
Bibliography, etc. note Includes bibliographical references and index.
650 #0 - SUBJECT ADDED ENTRY--TOPICAL TERM
Topical term or geographic name entry element Nutrition
Geographic subdivision United States.
9 (RLIN) 1068
650 #0 - SUBJECT ADDED ENTRY--TOPICAL TERM
Topical term or geographic name entry element Public health
Geographic subdivision United States.
9 (RLIN) 1069
650 12 - SUBJECT ADDED ENTRY--TOPICAL TERM
Topical term or geographic name entry element Nutrition
Geographic subdivision United States.
9 (RLIN) 1070
650 12 - SUBJECT ADDED ENTRY--TOPICAL TERM
Topical term or geographic name entry element Public Health
Geographic subdivision United States.
9 (RLIN) 1071
650 22 - SUBJECT ADDED ENTRY--TOPICAL TERM
Topical term or geographic name entry element Health Promotion
Geographic subdivision United States.
9 (RLIN) 1072
856 41 - ELECTRONIC LOCATION AND ACCESS
Materials specified Table of contents only
Uniform Resource Identifier <a href="http://www.loc.gov/catdir/toc/ecip068/2006005283.html">http://www.loc.gov/catdir/toc/ecip068/2006005283.html</a>
906 ## - LOCAL DATA ELEMENT F, LDF (RLIN)
a 7
b cbc
c orignew
d 1
e ecip
f 20
g y-gencatlg
942 ## - ADDED ENTRY ELEMENTS (KOHA)
Source of classification or shelving scheme
Koha item type Book
Holdings
Withdrawn status Lost status Source of classification or shelving scheme Damaged status Not for loan Collection code Permanent Location Current Location Date acquired Total Checkouts Full call number Barcode Date last seen Price effective from Koha item type
            Atta-ur-Rahman School of Applied Biosciences (ASAB) Atta-ur-Rahman School of Applied Biosciences (ASAB) 09/10/2015   362.1 KAU ASAB3140 04/19/2017 09/10/2015 Book
© 2023 Central Library, National University of Sciences and Technology. All Rights Reserved.